[Event "45th Olympiad 2024"]
[Site "Budapest HUN"]
[Date "2024.09.13"]
[Round "3.11"]
[Board "4"]
[White "Bologan, Victor"]
[Black "Muradli, Mahammad"]
[Result "1/2-1/2"]
[WhiteElo "2598"]
[BlackElo "2576"]
[PlyCount "84"]
[EventDate "2024.09.11"]
[WhiteTeam "Moldova"]
[BlackTeam "Azerbaijan"]
[WhiteTeamCountry "MDA"]
[BlackTeamCountry "AZE"]

1. e4 c5 2. Nf3 d6 3. Bb5+ Bd7 4. c4 Nf6 5. Nc3 g6 6. Bxd7+ Qxd7 7. d4 cxd4 8. Qxd4 Bg7 9. O-O Nc6 10. Qd3 Ng4 ({RR} 10... O-O 11. Bd2 Rfc8 12. Rac1 a6 13. b3 e6 14. Rfd1 Qe7 15. Bf4 Ne8 16. Bxd6 Nxd6 17. Qxd6 Qxd6 18. Rxd6 Rd8 19. Rxd8+ Rxd8 20. Kf1 Nb4 21. e5 Nc6 22. Re1 g5 23. h3 h5 24. g4 hxg4 25. hxg4 {1-0 Panesar,V (2436)-Shuvalov,E (1993) Titled Tue 9th Jul Early 2024 (8)}) 11. Bd2 Nge5 $146 ({RR} 11... O-O 12. Rac1 f5 13. exf5 Rxf5 14. h3 Nge5 15. Nxe5 Nxe5 16. Qe4 Raf8 17. f4 Nc6 18. b3 e6 19. Rce1 d5 20. cxd5 exd5 21. Qd3 Nb4 22. Qe2 d4 23. Qc4+ Qf7 24. Qxb4 a5 25. Qb6 dxc3 26. Be3 {0-1 Gara,A (2353)-Popovic,D (2494) TCh-HUN 2022-23 (4.6)}) ({RR} 11... Rc8 12. b3 O-O {½-½ Gavrilescu,D (2528)-Petrov,M (2523) Miercurea Ciuc GP RO Stage 3 2022 (8)}) 12. Nxe5 dxe5 13. Qxd7+ Kxd7 14. Rad1 Nd4 15. f4 Rhc8 16. b3 exf4 17. Bxf4 Ke8 18. e5 Ne6 19. Bg3 Rc5 20. Nd5 Rac8 21. a4 R5c6 22. Rd3 Nd8 23. Rfd1 Ne6 24. Bh4 g5 25. Bg3 h6 26. Rf1 Nd8 27. h4 Re6 28. hxg5 hxg5 29. Rf5 Rg6 30. Nc3 Nc6 31. Ne4 g4 32. a5 Rd8 33. Rxd8+ Nxd8 34. Nc5 Bh6 35. Kf2 Rc6 36. Nd3 Ne6 37. Rh5 Bd2 38. Rh8+ Kd7 39. Rb8 Kc7 40. Re8 Kd7 41. Rb8 Kc7 42. Rg8 Kd7 1/2-1/2

[Event "45th Olympiad 2024"]
[Site "Budapest HUN"]
[Date "2024.09.13"]
[Round "3.12"]
[Board "1"]
[White "Albornoz Cabrera, Carlos Daniel"]
[Black "Shirov, Alexei"]
[Result "1-0"]
[WhiteElo "2579"]
[BlackElo "2666"]
[PlyCount "69"]
[EventDate "2024.09.11"]
[WhiteTeam "Cuba"]
[BlackTeam "Spain"]
[WhiteTeamCountry "CUB"]
[BlackTeamCountry "ESP"]

1. e4 e6 2. d4 d5 3. Nd2 c5 4. Ngf3 cxd4 5. exd5 Qxd5 6. Bc4 Qd7 7. O-O Nc6 8. Nb3 a6 9. Nbxd4 Nxd4 10. Nxd4 Qc7 11. Qe2 Bd6 12. Nf5 ({RR} 12. h3 Ne7 13. Be3 O-O 14. Rad1 b5 15. Bb3 Ng6 16. c4 bxc4 17. Qxc4 Bh2+ 18. Kh1 Qxc4 19. Bxc4 Bf4 20. Bxf4 {½-½ Adams,M (2706)-Howell,D (2687) GBR-ch 105th 2018 (4)}) ({RR} 12. Nf3 Ne7 13. Bd3 O-O 14. h3 Ng6 15. Ng5 h6 16. Bxg6 fxg6 17. Nxe6 Qe7 18. Re1 Rf6 19. Nf4 Qf7 20. Qe8+ Qxe8 21. Rxe8+ Kf7 22. Re4 Bf5 23. Re2 Rd8 24. Nd5 Re6 25. Rxe6 Kxe6 26. Nf4+ Bxf4 {½-½ Albornoz Cabrera,C (2566)-Adhiban,B (2701) Capablanca Memorial Elite 54th 2019 (7)}) 12... Bxh2+ 13. Kh1 Qe5 $146 ({RR} 13... Be5 14. Re1 g6 15. Qxe5 Qxe5 16. Rxe5 gxf5 17. b3 Ne7 18. Bb2 Rg8 19. Rae1 Bd7 20. Ba3 Rg5 21. Bd3 Bc6 22. f3 h6 23. Bxe7 Kxe7 24. Rxf5 Rag8 25. Re2 Rd8 26. Rf4 Rdd5 27. Kg1 h5 28. Kf2 {1-0 Roberson,P (2403)-Cornette,M (2597) BCF-chTb 1819 (4NCL) 2018 (6.81)}) ({RR} 13... Be5 14. Re1 g6 15. Qxe5 Qxe5 16. Rxe5 gxf5 17. b3 Ne7 18. Bb2 Rg8 19. Re3 b5 20. Bf1 Bb7 21. c4 bxc4 22. bxc4 O-O-O 23. Bf6 Rd7 24. Rb3 Nc6 25. Rab1 Rg6 26. Bc3 e5 27. f3 e4 28. Be2 {½-½ Filgueiras,N (2321)-Jordao Barbosa,M (2146) 10th Floripa Open 2024 (10.15)}) ({RR} 13... Be5 14. f4 Bf6 15. Ng3 b5 16. Bd5 Bb7 17. Bxb7 Qxb7 18. f5 Ne7 19. fxe6 O-O 20. exf7+ Rxf7 21. Bf4 Ng6 22. Bd6 Bxb2 23. Rae1 Rxf1+ 24. Rxf1 Qd7 25. Bb4 Re8 26. Qf3 Ne5 27. Qb3+ Nc4 28. Bc3 {0-1 Rudzinska,M (2232)-Song,J (2358) Titled Tue 7th Feb Early 2023 (1)}) 14. Nxg7+ Qxg7 15. Kxh2 Ne7 16. Rd1 Bd7 17. Rd3 Nf5 18. Bd5 Nd4 19. Qe4 f5 20. Qxd4 Qxd4 21. Rxd4 exd5 22. Rxd5 Be6 23. Rd6 Kf7 24. Bg5 Rhg8 25. Re1 Rae8 26. f4 Bxa2 27. Rd7+ Kg6 28. Be7 Rc8 29. Re3 h6 30. Bb4 Rcd8 31. Rde7 Bd5 32. Bc3 Be4 33. g4 Rde8 34. gxf5+ Kxf5 35. R3xe4 1-0

[Event "45th Olympiad 2024"]
[Site "Budapest HUN"]
[Date "2024.09.13"]
[Round "3.12"]
[Board "3"]
[White "Miranda Mesa, Elier"]
[Black "Vallejo Pons, Francisco"]
[Result "1/2-1/2"]
[WhiteElo "2512"]
[BlackElo "2657"]
[PlyCount "69"]
[EventDate "2024.09.11"]
[WhiteTeam "Cuba"]
[BlackTeam "Spain"]
[WhiteTeamCountry "CUB"]
[BlackTeamCountry "ESP"]

1. e4 c5 2. Nf3 Nc6 3. d4 cxd4 4. Nxd4 Nf6 5. Nc3 d6 6. Be2 g6 7. Be3 Bg7 8. Qd2 Ng4 9. Bxg4 Bxg4 10. f3 Be6 11. Nxe6 fxe6 12. Bh6 Bf6 ({RR} 12... Bxh6 13. Qxh6 Qb6 14. O-O-O O-O-O 15. Qh3 Nd4 16. Nd5 Qc5 17. c3 Kb8 18. Rxd4 exd5 19. exd5 Rc8 20. Kb1 Qb5 21. f4 Rc5 22. Rhd1 Rhc8 23. Qxh7 Rxc3 24. Qxg6 Re3 25. R4d3 Re2 26. Rb3 Qxd5 27. Qd3 {½-½ Ribera Veganzones,J (2203)-De Lomas Busquets,A (1999) 40th Andorra Open 2024 (6.25)}) 13. Bg5 $146 ({RR} 13. Ne2 Qa5 14. Qxa5 Nxa5 15. O-O-O Rc8 16. g4 Rg8 17. h4 Nc6 18. Be3 Ne5 19. g5 Nc4 20. Bd4 Bxd4 21. Nxd4 e5 22. Nb5 Ne3 23. Rd2 Rf8 24. Rh3 Kd7 25. b3 a6 26. Na3 d5 27. exd5 e4 {1-0 Adams,W-Bernstein,S USA-ch03 biennual 1940 (7)}) ({RR} 13. Ne2 Qa5 14. Qxa5 Nxa5 15. O-O-O g5 16. f4 gxf4 17. Bxf4 Rg8 18. g3 Nc6 19. Rhf1 Be5 20. Bxe5 Nxe5 21. Nf4 Kd7 22. Nd3 Ng4 23. Rf4 Ke8 24. Rd2 e5 25. Rf3 Nf6 26. Nf2 Kd7 27. Ra3 a6 {½-½ Ragger,M (2701)-Georgiadis,N (2534) AUT-chT 1819 2018 (1.4)}) ({RR} 13. Ne2 Rc8 14. O-O-O Ne5 15. b3 b5 16. Nd4 Qd7 17. g4 Nc6 18. Nxb5 Qb7 19. a4 a6 20. g5 Ba1 21. Kb1 axb5 22. Kxa1 bxa4 23. Rb1 axb3 24. Rxb3 Qa7+ 25. Kb2 Ne5 26. Qb4 Nc4+ 27. Kc1 Kf7 {0-1 Adams,W-Polland,D USA-ch03 biennual 1940 (11)}) 13... Be5 14. Nd1 Qb6 15. Be3 Qa6 16. Qe2 Rb8 17. c3 d5 18. Nf2 d4 19. cxd4 Nxd4 20. Bxd4 Bxd4 21. Qxa6 bxa6 22. Nd3 Bxb2 23. Rb1 Bc3+ 24. Ke2 Kf7 25. Rhc1 Bd4 26. Rxb8 Rxb8 27. Rc4 e5 28. f4 Rb5 29. fxe5 Bxe5 30. a4 Ra5 31. h3 Bd6 32. Ke3 h5 33. Kf3 Rg5 34. g4 Ra5 35. h4 1/2-1/2

[Event "45th Olympiad 2024"]
[Site "Budapest HUN"]
[Date "2024.09.13"]
[Round "3.13"]
[Board "1"]
[White "Vachier-Lagrave, Maxime"]
[Black "Kadric, Denis"]
[Result "1/2-1/2"]
[WhiteElo "2731"]
[BlackElo "2553"]
[PlyCount "53"]
[EventDate "2024.09.11"]
[WhiteTeam "France"]
[BlackTeam "Montenegro"]
[WhiteTeamCountry "FRA"]
[BlackTeamCountry "MNE"]

1. e4 e5 2. Nf3 Nf6 3. Nxe5 d6 4. Nf3 Nxe4 5. d4 d5 6. Bd3 Be7 7. O-O Nc6 8. Nbd2 Bf5 9. Re1 Nxd2 10. Qxd2 Bxd3 ({RR} 10... Bg6 11. Bb5 O-O 12. Bxc6 bxc6 13. Qc3 Bd6 14. Qxc6 Be4 15. Ng5 Qf6 16. Qc3 Bg6 17. Bd2 Rab8 18. a3 h6 19. Nf3 Be4 20. Ne5 Bxe5 21. dxe5 Qg6 22. f3 Bxc2 23. b4 Rfc8 24. Be3 a6 25. Rac1 {1-0 Firouzja,A (2793)-Mamedyarov,S (2759) Zagreb SuperUnited Blitz 2022 (15)}) ({RR} 10... Bg6 11. h3 O-O 12. c3 Bd6 13. Bxg6 hxg6 14. Qd3 Qd7 15. Ne5 Bxe5 16. dxe5 Rfe8 17. Bf4 Rad8 18. Rad1 a6 19. e6 Rxe6 20. Rxe6 fxe6 21. Qxg6 Rf8 22. Bg3 Rf6 23. Qg4 Qf7 24. Re1 Rg6 25. Qd1 {½-½ Kulaots,K (2524)-Bronstein,O (2428) 51st Rilton Cup 2023-24 (9.5)}) 11. Qxd3 O-O 12. Re2 a6 $146 ({RR} 12... Qd7 13. Bf4 Rfe8 14. Rae1 Bf8 15. c3 Rxe2 16. Rxe2 Ne7 17. h4 c6 18. Ne5 Qf5 19. Qxf5 Nxf5 20. h5 f6 21. Nd7 Rd8 22. Nxf8 Kxf8 23. g4 Ne7 24. Kg2 Kf7 25. a4 Re8 26. f3 Nc8 27. Rxe8 {½-½ Van Foreest,J (2678)-Dominguez Perez,L (2754) Zagreb SuperUnited Blitz 2022 (5)}) ({RR} 12... Qd7 13. Bf4 Rfe8 14. Rae1 Bf8 15. c3 Rxe2 16. Rxe2 Ne7 17. Ne5 Qf5 18. Qxf5 Nxf5 19. Nd3 c6 20. g4 Nd6 21. Kf1 b6 22. a4 Rc8 23. Ne5 Rc7 24. Nd3 Rc8 25. h4 Nc4 26. Nb4 f6 27. Kg2 {1-0 Nepomniachtchi,I (2766)-Dominguez Perez,L (2754) Zagreb SuperUnited Rapid 2022 (4)}) 13. Bf4 Qd7 14. h4 Rae8 15. h5 Bd8 16. Rxe8 Rxe8 17. h6 Re4 18. Be3 g6 19. c4 Be7 20. Rc1 f6 21. g3 Bf8 22. Nd2 Re8 23. Qb3 Na5 24. Qc3 Nc6 25. Qb3 Na5 26. Qc3 Nc6 27. Qb3 1/2-1/2

[Event "45th Olympiad 2024"]
[Site "Budapest HUN"]
[Date "2024.09.13"]
[Round "3.14"]
[Board "3"]
[White "Zhao, Zong-Yuan"]
[Black "Ponomariov, Ruslan"]
[Result "0-1"]
[WhiteElo "2478"]
[BlackElo "2654"]
[PlyCount "140"]
[EventDate "2024.09.11"]
[WhiteTeam "Australia"]
[BlackTeam "Ukraine"]
[WhiteTeamCountry "AUS"]
[BlackTeamCountry "UKR"]

1. e4 e5 2. Nf3 Nc6 3. Bb5 Nf6 4. d3 Bc5 5. Bxc6 dxc6 6. Nbd2 Qe7 7. Nc4 Nd7 8. Qe2 a5 ({RR} 8... f6 9. Nh4 Nf8 10. O-O Be6 11. Be3 O-O-O 12. a4 Kb8 13. Rab1 Bxe3 14. Qxe3 Bxc4 15. dxc4 Qb4 16. b3 Ne6 17. Rfd1 Qc5 18. Qc3 Rd4 19. Re1 Rhd8 20. Nf3 R4d7 21. b4 Qe7 22. c5 Nd4 23. b5 {1-0 Camacho Collados,M (2466)-Bernado Lopez,R (2168) 35th Roquetas de Mar Open 2024 (6.17)}) 9. a4 b6 10. O-O Ba6 $146 ({RR} 10... O-O 11. b3 Re8 12. Bb2 f6 13. Nh4 Nf8 14. Nf5 Qf7 15. g3 Bxf5 16. exf5 Bd4 17. Bxd4 exd4 18. Qg4 Qd5 19. Rfe1 Nd7 20. Re4 Rxe4 21. Qxe4 Qxe4 22. dxe4 Nc5 23. f3 d3 24. cxd3 Rd8 25. Nb2 {0-1 Lagarde,M (2626)-Bilych,O (2342) EU-ch 22nd Terme Catez 2022 (1)}) 11. b3 f6 12. Nh4 g6 13. g3 Nf8 14. Be3 Ne6 15. Bxc5 Qxc5 16. Qe3 Nd4 17. Rfc1 O-O-O 18. Nf3 Bxc4 19. bxc4 Ne6 20. Qxc5 Nxc5 21. h4 Kd7 22. Kf1 Kd6 23. Re1 Ne6 24. Ke2 Rhf8 25. Kd1 f5 26. exf5 Rxf5 27. Nd2 Rdf8 28. Ne4+ Kd7 29. Rf1 Rf3 30. Kd2 h6 31. Rae1 Nd4 32. Kc3 c5 33. Kb2 Kc6 34. Kc3 R3f7 35. Re3 Kd7 36. Rc1 Nf5 37. Rf3 Nd6 38. Rxf7+ Rxf7 39. Re1 Nxe4+ 40. Rxe4 Rxf2 41. Rxe5 Rf3 42. g4 Rh3 43. h5 Rh4 44. hxg6 Rxg4 45. Rf5 Rxg6 46. Rf7+ Kd6 47. Rh7 c6 48. Rb7 Ke5 49. Rxb6 h5 50. Rb8 Kf4 51. Rh8 Kg4 52. d4 cxd4+ 53. Kxd4 Rg5 54. c5 h4 55. Ke3 h3 56. Kf2 Rxc5 57. Rg8+ Kf4 58. Rf8+ Ke4 59. Kg3 Rc3+ 60. Kh2 c5 61. Ra8 Rxc2+ 62. Kxh3 c4 63. Rxa5 c3 64. Ra8 Ra2 65. a5 c2 66. Re8+ Kd3 67. Rd8+ Kc3 68. Rc8+ Kb2 69. Rb8+ Ka1 70. Rc8 Kb1 0-1

[Event "45th Olympiad 2024"]
[Site "Budapest HUN"]
[Date "2024.09.13"]
[Round "3.14"]
[Board "4"]
[White "Korobov, Anton"]
[Black "Smerdon, David C"]
[Result "1-0"]
[WhiteElo "2650"]
[BlackElo "2475"]
[PlyCount "85"]
[EventDate "2024.09.11"]
[WhiteTeam "Ukraine"]
[BlackTeam "Australia"]
[WhiteTeamCountry "UKR"]
[BlackTeamCountry "AUS"]

1. d4 Nf6 2. c4 g6 3. Nc3 Bg7 4. e4 d6 5. Bd3 O-O 6. Nge2 Nc6 7. O-O e5 8. d5 Nd4 9. Nxd4 exd4 10. Ne2 Re8 ({RR} 10... Nd7 11. Bc2 Ne5 12. Nxd4 Nxc4 13. b3 Qf6 14. bxc4 Qxd4 15. Qxd4 Bxd4 16. Rb1 b6 17. Rd1 Bc5 18. Re1 Bd7 19. Be3 Bxe3 20. Rxe3 Rae8 21. f4 f6 22. h4 Kg7 23. Kf2 Re7 24. Rbe1 Rfe8 25. g3 {0-1 Dubov,D (2710)-Firouzja,A (2759) Levitov Dubov-Firouzja m blitz 2021 (5)}) ({RR} 10... Nd7 11. Bc2 a5 12. Nxd4 Re8 13. b3 Nc5 14. f3 f5 15. exf5 gxf5 16. Bb2 Qg5 17. f4 Qg6 18. Rf3 Kh8 19. Rg3 Qf7 20. Rxg7 Qxg7 21. Rb1 Kg8 22. Nxf5 Qg6 23. Ne7+ Rxe7 24. Bxg6 hxg6 25. Qd4 {1-0 Sarana,A (2697)-Seemann,J (2439) Titled Tue 13th Feb Early 2024 (3)}) 11. Qc2 Nd7 12. b3 c5 $146 ({RR} 12... Nc5 13. Bb2 Qe7 14. Bxd4 Nxd3 15. Qxd3 Qxe4 16. Qxe4 Rxe4 17. Bxg7 Kxg7 18. Nc3 Re7 19. Rfe1 Rxe1+ 20. Rxe1 Bd7 21. f4 {½-½ Solovchuk,A (2301)-Matviishen,V (2506) UKR-ch op 89th 2020 (3)}) 13. f4 Nf6 14. Bd2 Ng4 15. h3 Ne3 16. Bxe3 dxe3 17. Rad1 b5 18. Rf3 bxc4 19. Bxc4 f5 20. Rxe3 fxe4 21. Rxe4 Bf5 22. Rxe8+ Qxe8 23. Bd3 Qe3+ 24. Kh2 Bd7 25. Rf1 Rf8 26. a3 Kh8 27. Rf3 Qe7 28. b4 cxb4 29. axb4 Qh4 30. Rg3 Rxf4 31. Nxf4 Qxf4 32. Qc7 Be5 33. Qd8+ Kg7 34. Qxd7+ Kh8 35. Qg4 g5 36. Be2 h6 37. Bd3 Qe3 38. Qf3 Qf4 39. Kg1 Qd4+ 40. Qf2 Qa1+ 41. Bf1 Bd4 42. Re3 Kg7 43. g4 1-0

[Event "45th Olympiad 2024"]
[Site "Budapest HUN"]
[Date "2024.09.13"]
[Round "3.15"]
[Board "1"]
[White "Predke, Alexandr"]
[Black "Bogner, Sebastian"]
[Result "1/2-1/2"]
[WhiteElo "2671"]
[BlackElo "2545"]
[PlyCount "120"]
[EventDate "2024.09.11"]
[WhiteTeam "Serbia"]
[BlackTeam "Switzerland"]
[WhiteTeamCountry "SRB"]
[BlackTeamCountry "SUI"]

1. e4 {Mortensen,Erling} e5 2. Nf3 Nf6 3. d4 Nxe4 4. Bd3 d5 5. Nxe5 Nd7 6. Nc3 Nxc3 ({RR} 6... Bb4 7. O-O Nxe5 8. dxe5 Nxc3 9. bxc3 Bxc3 10. Rb1) 7. bxc3 Bd6 8. O-O O-O 9. Bf4 ({RR} 9. Qh5 g6 10. Qe2 Re8) ({RR} 9. Nxd7 Qxd7) ({RR} 9. f4 c5 10. Nxd7 Bxd7 11. Qh5 f5) ({RR} 9. Re1 Bxe5 10. dxe5 Nc5 11. Rb1) ({RR} 9. Qh5 g6 10. Qe2 Re8 11. f4 f6 12. Qf3 fxe5 13. fxe5 Bf8 14. Qxd5+ Kh8 15. e6 Nb6 16. Rxf8+ Rxf8 17. Qe5+ Qf6 18. e7 Be6 19. exf8=Q+ Rxf8 20. Bf4 Kg8 21. Qxf6 Rxf6 22. Bxc7 Nd5 23. Be5 Rf7 {½-½ Schnaider,I (2409)-Brunner,N (2427) Titled Tue 10th Sep Early 2024 (3)}) 9... Bxe5 10. Bxe5 Nxe5 11. dxe5 f6 $146 ({RR} 11... f5 12. Rb1 ({RR} 12. exf6 Qxf6 13. Qh5 Bf5) 12... Rb8 13. f4 c5 14. c4 ({RR} 14. Be2 Be6 15. Bf3 Qd7 16. Rf2 Rfd8 17. Rd2 Qf7) 14... Be6 15. g4 ({RR} 15. cxd5 Qxd5) 15... dxc4 ({RR} 15... fxg4 16. f5 dxc4 17. Be4 Qg5 18. Qc1 Qxc1 19. Rbxc1 Bd7 20. Bd5+ Kh8 21. e6) 16. Bxf5 Bxf5 17. gxf5 Qxd1 18. Rfxd1 ({RR} 18. Rbxd1 Rxf5 19. Rd7 g5) 18... Rxf5 19. Rd7 Rxf4 ({RR} 19... Rf7 20. Rbd1 Rxf4 21. e6 Rd4) 20. Rbxb7 Rxb7 21. Rxb7 Re4 22. Rxa7 Rxe5 23. Rc7 ({RR} 23. Kf2 Rh5 24. Kg3 Rd5 25. a4 Rd2 26. Rc7 Rxc2 27. a5) 23... Re1+ 24. Kf2 Rc1 25. Rxc5 Rxc2+ 26. Kg3 {½-½ Mortensen,E (2445)-Holst,A (2406) Aars get2net Cup GM 1999 (1)}) 12. Qh5 f5 13. f4 Qe7 14. Qf3 Qc5+ 15. Kh1 c6 16. Be2 Be6 17. Qd3 Rf7 18. a4 Qa5 19. Rfb1 Rd8 20. Qe3 Rfd7 21. Rb4 Re7 22. h3 Rf7 23. Kh2 Rdd7 24. Ra3 Rf8 25. Rb1 g6 26. Rd1 Rfd8 27. Qf2 Rf7 28. Rd3 Rfd7 29. Ra1 c5 30. Rg3 Rg7 31. h4 h5 32. Ra3 c4 33. Ra1 Rdd7 34. Qe3 b6 35. Qd4 Qc5 36. Qxc5 bxc5 37. Rb1 Kh7 38. Rb5 Rc7 39. Rf3 Rgd7 40. Rf1 d4 41. Rd1 Kg7 42. a5 Kf7 43. a6 Ke7 44. Kg3 Rc6 45. Ra5 dxc3 46. Rb1 Bd5 47. Ra3 Rb6 48. Rc1 Be6 49. Rxc3 Rxa6 50. Rb1 Ra4 51. Rb5 Rc7 52. Kf2 Bd5 53. g3 Kd7 54. Ke3 Rc8 55. Rb1 Kc7 56. Kf2 Rb8 57. Rd1 Rd8 58. Rb1 Rb8 59. Rd1 Rd8 60. Rb1 Rb8 1/2-1/2

[Event "45th Olympiad 2024"]
[Site "Budapest HUN"]
[Date "2024.09.13"]
[Round "3.15"]
[Board "2"]
[White "Pelletier, Yannick"]
[Black "Sarana, Alexey"]
[Result "1/2-1/2"]
[WhiteElo "2526"]
[BlackElo "2713"]
[PlyCount "120"]
[EventDate "2024.09.11"]
[WhiteTeam "Switzerland"]
[BlackTeam "Serbia"]
[WhiteTeamCountry "SUI"]
[BlackTeamCountry "SRB"]

1. c4 e6 2. g3 d5 3. Bg2 Nf6 4. Nf3 Be7 5. d4 O-O 6. O-O c6 7. Qc2 b6 8. Rd1 Bb7 9. b3 Nbd7 10. Nc3 Ba6 11. Bf4 ({RR} 11. Bb2 Qc7 12. e4 dxc4 13. bxc4 Bxc4 14. Nd2 Ba6 15. e5 Ne8 16. Rac1 Rc8 17. Be4 g6 18. Qa4 Qb7 19. Bg2 Nb8 20. Nce4 Be2 21. Re1 Qa6 22. Qb3 Qb5 23. Qc3 Qd3 24. Rxe2 Qxe2 25. Nc4 Qh5 {½-½ Wang,H (2726)-Maghsoodloo,P (2664) FIDE Chess.com Grand Swiss 2019 (5)}) 11... dxc4 ({RR} 11... b5 12. Ne5 Rc8 13. Rac1 Ba3 14. Rb1 Qa5 15. c5 Bb4 16. Nxd7 Nxd7 17. Bd2 f5 18. a3 Bxc3 19. Bxc3 Qc7 20. e3 Nf6 21. Bf1 Ne4 22. Be1 Rb8 23. b4 h6 24. a4 Rb7 25. Kg2 Qb8 26. Bd3 {0-1 Berezin,V (2307)-Samunenkov,I (2533) Titled Tue 30th Jan Early 2024 (2)}) 12. bxc4 Qc8 $146 ({RR} 12... Bxc4 13. Nd2 Ba6 14. Bxc6 Rc8 15. Qa4 Nh5 16. Be5 Nxe5 17. dxe5 Qc7 18. Qxa6 Qxc6 19. Rac1 Bb4 20. Nce4 Qxc1 21. Rxc1 Rxc1+ 22. Kg2 Bxd2 23. Nxd2 Rc5 24. Nf3 Ra5 25. Qc4 g6 26. g4 Rc5 27. Qe4 {1-0 Papaioannou,I (2520)-Anastasian,A (2560) Panormo zt 1998 (8)}) 13. Qb3 Rd8 14. e4 Ne8 15. e5 Rb8 16. a4 Nf8 17. Rac1 Rb7 18. Ne4 Rbd7 19. c5 bxc5 20. dxc5 Bc4 21. Qb1 Rxd1+ 22. Rxd1 Bd5 23. Nd6 Qd7 24. Rd4 a5 25. Rd2 Qa7 26. Rb2 Bxd6 27. cxd6 c5 28. Bd2 Qa8 29. Ne1 f6 30. f4 Nd7 31. Bc3 c4 32. Bxd5 Qxd5 33. Rb5 Qc6 34. Qa2 Qe4 35. Qf2 g5 36. Qf3 Qxf3 37. Nxf3 gxf4 38. gxf4 Ng7 39. exf6 Nf5 40. Be5 c3 41. Rb7 Nxd6 42. Bxd6 Nxf6 43. Ba3 Rd1+ 44. Kf2 Ra1 45. Rb8+ Kg7 46. Bf8+ Kg6 47. Nd4 Rxa4 48. Ne2 Rc4 49. Ba3 c2 50. Bc1 Nd5 51. Rf8 a4 52. Kf3 Nb4 53. Ke3 Na2 54. Kd3 Nxc1+ 55. Nxc1 Kg7 56. Rf5 Rb4 57. Rg5+ Kf6 58. Rg4 a3 59. Rh4 Ra4 60. Na2 c1=Q 1/2-1/2

[Event "45th Olympiad 2024"]
[Site "Budapest HUN"]
[Date "2024.09.13"]
[Round "3.15"]
[Board "4"]
[White "Georgiadis, Nico"]
[Black "Ivic, Velimir"]
[Result "1/2-1/2"]
[WhiteElo "2510"]
[BlackElo "2599"]
[PlyCount "46"]
[EventDate "2024.09.11"]
[WhiteTeam "Switzerland"]
[BlackTeam "Serbia"]
[WhiteTeamCountry "SUI"]
[BlackTeamCountry "SRB"]

1. c4 Nf6 2. g3 e5 3. Bg2 c6 4. Nf3 e4 5. Nd4 Qb6 6. Nb3 a5 7. d3 Bb4+ 8. Nc3 a4 9. Nd2 exd3 10. exd3 O-O 11. O-O Qa5 12. Qc2 $146 ({RR} 12. Nde4 Nxe4 13. dxe4 a3 14. Ne2 d6 15. Nf4 Nd7 16. b3 Ne5 17. h3 f5 18. Be3 Bd7 19. Nd3 Nxd3 20. Qxd3 Rae8 21. Kh2 fxe4 22. Bxe4 Qh5 23. Rh1 Kh8 24. Kg2 Rxe4 25. Qxe4 Bf5 26. Qe7 Re8 {0-1 Bach,M (2247)-Romanov,E (2654) Bayern-chI Bank Hofmann 17th 2013 (4)}) ({RR} 12. Nce4 Nxe4 13. dxe4 Re8 14. Qc2 d6 15. Nf3 Qh5 16. Nd4 Nd7 17. Bf4 Ne5 18. Rad1 Bc5 19. f3 f5 20. exf5 Bxf5 21. Qc3 Bh3 22. Be3 Bxg2 23. Kxg2 Qf7 24. b3 axb3 25. axb3 Nxc4 26. Bg1 Ra2+ {1-0 Degerman,L (2422)-Blomqvist,E (2520) Robert Spangbergs Mem 2024 (4.1)}) 12... d5 13. d4 Be6 14. c5 b6 15. cxb6 Nbd7 16. b7 Ra7 17. Ne2 Rxb7 18. a3 Be7 19. Nf4 c5 20. Nf3 Ne4 21. Nd2 Nef6 22. Nf3 Ne4 23. Nd2 Nef6 1/2-1/2

[Event "45th Olympiad 2024"]
[Site "Budapest HUN"]
[Date "2024.09.13"]
[Round "3.16"]
[Board "1"]
[White "Supi, Luis Paulo"]
[Black "Martirosyan, Haik M."]
[Result "1/2-1/2"]
[WhiteElo "2570"]
[BlackElo "2667"]
[PlyCount "64"]
[EventDate "2024.09.11"]
[WhiteTeam "Brazil"]
[BlackTeam "Armenia"]
[WhiteTeamCountry "BRA"]
[BlackTeamCountry "ARM"]

1. c4 e5 2. d3 Nc6 3. Nf3 Nf6 4. a3 d5 5. cxd5 Nxd5 6. e4 Nb6 7. Be2 Be7 8. Be3 ({RR} 8. O-O O-O 9. Be3 Bf6 10. b4 Re8 11. Nbd2 a5 12. b5 Nd4 13. a4 Nd7 14. Rc1 Nxe2+ 15. Qxe2 b6 16. d4 exd4 17. Nxd4 Nc5 18. Rxc5 bxc5 19. Nc6 Qd7 20. Nb3 Bd4 21. Bxd4 cxd4 22. Nbxd4 Qd6 {0-1 Keymer,V (2721)-Martirosyan,H (2661) 57th Biel GM1 Rapid 2024 (2.3)}) 8... O-O 9. Nbd2 ({RR} 9. O-O Be6 10. Nbd2 a5 11. Rc1 Bf6 12. h4 h6 13. g3 a4 14. Nh2 Re8 15. Kh1 Ra5 16. Bg4 Qxd3 17. Bxe6 Rxe6 18. Qg4 Qd7 19. b4 Ra8 20. Bxh6 Rd6 21. Qxd7 Rxd7 22. Be3 Rd3 23. Nb1 Rad8 {1-0 Supi,L (2571)-Predke,A (2685) 30th Abu Dhabi Masters 2024 (7.6)}) 9... a5 10. Rc1 Be6 $146 ({RR} 10... a4 11. Rxc6 bxc6 12. Nxe5 Bf6 13. Nxc6 Qe8 14. Qc2 Bxb2 15. Qxb2 Qxc6 16. O-O Ba6 17. Rc1 Qd7 18. Nf3 f6 19. Nd4 Kh8 20. h3 Rab8 21. Qc3 c5 22. Qxc5 Rfc8 23. Nc6 Rb7 24. Bg4 {1-0 Fedoseev,V (2678)-Najer,E (2648) Titled Tuesday intern op 22nd Sept blitz 2020 (5)}) 11. h4 a4 12. Ng5 Bc8 13. g3 Nd4 14. Bg4 f5 15. Bh3 h6 16. Qh5 Qe8 17. Qxe8 Rxe8 18. Ngf3 Nxf3+ 19. Nxf3 fxe4 20. dxe4 Bxh3 21. Rxh3 Bd6 22. h5 Nd7 23. g4 Nf6 24. g5 hxg5 25. Nxg5 Kf8 26. Bc5 Rac8 27. Bxd6+ cxd6 28. Rhc3 Rxc3 29. Rxc3 Nxh5 30. Rc7 Re7 31. Rc8+ Re8 32. Rc7 Re7 1/2-1/2

[Event "45th Olympiad 2024"]
[Site "Budapest HUN"]
[Date "2024.09.13"]
[Round "3.16"]
[Board "3"]
[White "Quintiliano, Renato R."]
[Black "Sargissian, Gabriel"]
[Result "1/2-1/2"]
[WhiteElo "2499"]
[BlackElo "2646"]
[PlyCount "69"]
[EventDate "2024.09.11"]
[WhiteTeam "Brazil"]
[BlackTeam "Armenia"]
[WhiteTeamCountry "BRA"]
[BlackTeamCountry "ARM"]

1. d4 d5 2. c4 e6 3. Nf3 Nf6 4. g3 Be7 5. Bg2 O-O 6. O-O dxc4 7. Qc2 a6 8. a4 Bd7 9. Qxc4 Bc6 10. Bg5 Nbd7 11. Nc3 h6 12. Bxf6 Nxf6 13. a5 Qd6 14. Rfd1 Rfd8 15. e3 Rab8 ({RR} 15... Rac8 16. Qe2 Bxf3 17. Bxf3 c6 18. Ra4 g6 19. Rc4 Qc7 20. b4 Nd5 21. Qb2 Nxc3 22. Qxc3 Bf6 23. Qc2 Qd7 24. Kg2 Kg7 25. h4 h5 26. Qb3 Qe8 27. Rcc1 Rd6 28. Rd3 Rcd8 29. Be4 Qe7 30. Rcd1 {½-½ Giri,A (2776)-Grischuk,A (2778) Zagreb GCT Blitz 2021 (14)}) 16. Qe2 Bf8 17. h4 Qe7 18. Bf1 $146 ({RR} 18. Qc2 Rbc8 19. Rd2 Rb8 20. Rdd1 Rbc8 21. Qb3 Qb4 22. Qa2 Bd5 23. Nxd5 exd5 24. Ne5 c6 25. Nd3 Qd6 26. Nc5 Qc7 27. b4 Re8 28. Re1 Bd6 29. Bf3 Re7 30. Kg2 Rce8 31. Re2 Qc8 32. Qc2 g6 {0-1 Muradli,M (2561)-Sargsyan,S (2637) 7th Sharjah Masters 2024 (9.18)}) ({RR} 18. e4 Qb4 19. Qc2 Rbc8 20. Bh3 Rb8 21. Bg2 Rbc8 22. Bh3 Rb8 23. Bg2 {½-½ Matlakov,M (2662)-Sargissian,G (2672) Chessable Masters Play-In 2024 (4)}) 18... Be8 19. e4 Rbc8 20. d5 e5 21. Bh3 Rb8 22. Nd2 c6 23. Nc4 Qc7 24. Qd3 cxd5 25. exd5 Bb5 26. Nxb5 axb5 27. Ne3 Qc5 28. Bf1 b4 29. Qb3 Rbc8 30. a6 bxa6 31. Rxa6 Ne4 32. Bg2 Qb5 33. Bf1 Qc5 34. Bg2 Qb5 35. Bf1 1/2-1/2